000 01880nam a2200301 4500
003 EC-UNACH
005 20251020111641.0
006 s||||gr|||| 00| 00
008 150116t9999 mx r gr 000 0 spa d
020 _a0-397-54396-4
040 _aEC-UNACH
_cEC-UNACH
041 _aspa
082 0 4 _223
_a610.73
_bL001367
110 _aJ.B,Lippincott company
245 _aBases conceptuales de la enfermería profesional
250 _aPrimera edición
264 _aMexico
_bJ.B,Lippincott company
_c1989
300 _a395
505 _aCapitulo 1- Dinámica del desarrollo de la enfermería profesional Capitulo 2-Perspectivas filosóficas en la educación y las practicas de la enfermería Capitulo 3- Socialización para el ejercicio profesional Capítulo 4 - Creación del auto concepto profesional Capitulo 5- Pensamiento científico y elaboración de la teoría Capitulo 6- El proceso de la investigación Capítulo 7- La teoria como base de la practica Capítulo 8- Modelos de enfermería Capitulo 9 Proceso de la salud Capitulo 10- La enfermería profesional en el marco del sistema de servicios de salud Capitulo 11- Responsabilidad ante el publico , la profesión el patrón y el yo Capitulo 12- El proceso de enfermería Capitulo 13- Relaciones de la comunicación y ayuda Capitulo 14- Liderazgo Capitulo 15- La emfermera profesional como agente del cambio Capitulo 16- El papel del defensor de los usuarios Capitulo 17- El promotor del papel de la profesión Capítulo 18- perspectivas futuras .
650 _aBases de la enfermería profesional
650 _aDesarrollo de la enfermería
650 _aCreación de programas de educación en enfermería en hospitales
700 _aSusan Leddy J Mae Pepper
942 _2ddc
_c1
999 _c14036